Economic review (Record no. 952425)
[ view plain ]
| 000 -LEADER | |
|---|---|
| fixed length control field | 01103nam a2200325 a 4500 |
| 001 - CONTROL NUMBER | |
| control field | vtls001503480 |
| 003 - CONTROL NUMBER IDENTIFIER | |
| control field | NLI |
| 005 - DATE AND TIME OF LATEST TRANSACTION | |
| control field | 20210627140120.0 |
| 008 - FIXED-LENGTH DATA ELEMENTS--GENERAL INFORMATION | |
| fixed length control field | 121211s1987 ii d f000 0 eng |
| 039 #9 - LEVEL OF BIBLIOGRAPHIC CONTROL AND CODING DETAIL [OBSOLETE] | |
| -- | 201212111828 |
| -- | VLOAD |
| 040 0# - CATALOGING SOURCE | |
| Original cataloging agency | NLI |
| Language of cataloging | eng |
| Transcribing agency | XData_2 |
| Description conventions | AACR2 |
| 041 0# - LANGUAGE CODE | |
| Language code of text/sound track or separate title | eng |
| 044 ## - COUNTRY OF PUBLISHING/PRODUCING ENTITY CODE | |
| MARC country code | ii |
| 082 04 - DEWEY DECIMAL CLASSIFICATION NUMBER | |
| Classification number | 330.95444 |
| 110 1# - MAIN ENTRY--CORPORATE NAME | |
| Corporate name or jurisdiction name as entry element | Himachal Pradesh (India). |
| Subordinate unit | Directorateate of Economics and Statistics |
| 245 10 - TITLE STATEMENT | |
| Title | Economic review |
| Inclusive dates | 1987 / |
| Statement of responsibility, etc. | Directorate of economics and statistics, Government of Himachal Pradesh |
| 260 ## - PUBLICATION, DISTRIBUTION, ETC. | |
| Place of publication, distribution, etc. | Shimla : |
| Name of publisher, distributor, etc. | The Department, |
| Date of publication, distribution, etc. | 1987 |
| 300 ## - PHYSICAL DESCRIPTION | |
| Extent | 133 p. : |
| Other physical details | Some charts ; |
| Dimensions | 29 cm. |
| 500 ## - GENERAL NOTE | |
| General note | Library has 2 cops. |
| 650 #0 - SUBJECT ADDED ENTRY--TOPICAL TERM | |
| Topical term or geographic name entry element | Economics |
| Geographic subdivision | India |
| -- | Himachal Pradesh |
| General subdivision | History |
| 651 #0 - SUBJECT ADDED ENTRY--GEOGRAPHIC NAME | |
| Geographic name | Himachal Pradesh (India) |
| General subdivision | Economic conditions |
| 9 (RLIN) | 689341 |
| 887 ## - NON-MARC INFORMATION FIELD | |
| Content of non-MARC field | |
| 901 ## - LOCAL DATA ELEMENT A, LDA (RLIN) | |
| a | 111361 date |
| b | 30.06.1987 |
| 901 ## - LOCAL DATA ELEMENT A, LDA (RLIN) | |
| a | 120586 date |
| b | 26.02.1992 |
| 9 | c.2, 1987 |
| 902 ## - LOCAL DATA ELEMENT B, LDB (RLIN) | |
| a | GP 330.95444 H 57 er |
| 949 ## - LOCAL PROCESSING INFORMATION (OCLC) | |
| -- | VIRTUAITEM |
| -- | 10003 |
| -- | 100 |
| 6 | IOD000111361ENG |
| 942 ## - ADDED ENTRY ELEMENTS (KOHA) | |
| Source of classification or shelving scheme | Dewey Decimal Classification |
| Koha item type | Books |
| 949 ## - LOCAL PROCESSING INFORMATION (OCLC) | |
| -- | VIRTUAITEM |
| -- | 10003 |
| -- | 100 |
| 6 | IOD000120586ENG |
| 9 | 1987 |
| Withdrawn status | Lost status | Damaged status | Not for loan | Collection code | Home library | Current library | Shelving location | Date acquired | Total Checkouts | Full call number | Barcode | Date last seen | Price effective from | Koha item type |
|---|---|---|---|---|---|---|---|---|---|---|---|---|---|---|
| Government Publications | National Library of India | National Library of India | Annexe Reading Room & Stack Division | GP 330.95444 H 57 er | IOD000111361ENG | 27/06/2021 | 27/06/2021 | Books | ||||||
| Government Publications | National Library of India | National Library of India | Annexe Reading Room & Stack Division | GP 330.95444 H 57 er | IOD000120586ENG | 27/06/2021 | 27/06/2021 | Books |
